[Event "Isle of Man Open"]
[Site "Douglas"]
[Date "20.10.2018"]
[Round "1.50"]
[White "Enkhtuul, Altan-Ulzii"]
[Black "Wagner, Dennis"]
[Result "0-1"]
[WhiteTitle "WGM"]
[BlackTitle "GM"]
[WhiteElo "2295"]
[BlackElo "2572"]
[WhiteFideId "4901444"]
[BlackFideId "24650684"]
[EventDate "2018.10.20"]

1. d4 Nf6 2. Nf3 g6 3. Bf4 Bg7 4. e3 O-O 5. Be2 d6 6. c3 Nbd7 7. O-O Nh5 8. Bg5
h6 9. Bh4 g5 10. Bg3 e6 11. Na3 Qe7 12. Nd2 Nxg3 13. hxg3 f5 14. Bd3 e5 15. Nb5
c6 16. Qb3+ d5 17. Qa3 Qxa3 18. Nxa3 f4 19. gxf4 gxf4 20. Nc2 fxe3 21. fxe3 e4
22. Rxf8+ Nxf8 23. Be2 Bf6 24. Rf1 Bg5 25. Bh5 Be6 26. Nb3 b6 27. Nc1 Nd7 28.
Ne2 Nf6 29. Ng3 Nxh5 30. Nxh5 a5 31. Nf4 Bg4 32. Nh3 Be7 33. Nf4 Kg7 34. Rc1 b5
35. Na1 h5 36. Nc2 h4 37. Rf1 Bd6 38. Kf2 b4 39. Rh1 bxc3 40. bxc3 Rb8 41. Rxh4
Bd1 42. Ne1 Rb2+ 43. Kf1 Rxa2 44. Ne6+ Kg6 45. Rh8 a4 46. Nf4+ Bxf4 47. exf4 a3
48. Rc8 Ba4 49. g4 Bb5+ 50. Kg1 Ra1 51. f5+ Kg5 52. Rg8+ Kf6 53. Kf2 e3+ 54. Kg3
Rxe1 55. Kf4 Rf1+ 56. Kxe3 a2 57. g5+ Kxf5 0-1

[Event "Isle of Man Open"]
[Site "Douglas"]
[Date "20.10.2018"]
[Round "1.51"]
[White "Nihal, Sarin"]
[Black "Stefansson, Vignir Vatnar"]
[Result "1-0"]
[WhiteTitle "IM"]
[BlackTitle "FM"]
[WhiteElo "2572"]
[BlackElo "2291"]
[WhiteFideId "25092340"]
[BlackFideId "2308649"]
[EventDate "2018.10.20"]

1. c4 f5 2. g3 Nf6 3. Bg2 g6 4. Nf3 Bg7 5. O-O O-O 6. Nc3 d6 7. d3 e5 8. Rb1 a5
9. a3 Nc6 10. b4 axb4 11. axb4 h6 12. b5 Ne7 13. Bb2 Be6 14. Ra1 Rb8 15. Ra7 b6
16. Ne1 d5 17. cxd5 Nfxd5 18. Nxd5 Nxd5 19. Qa1 Ra8 20. Ra6 Rb8 21. Bxe5 Bxe5
22. Qxe5 Qd7 23. Nf3 Rbe8 24. Qb2 f4 25. Rc1 Qg7 26. Qxg7+ Kxg7 27. Nd4 1-0

[Event "Isle of Man Open"]
[Site "Douglas"]
[Date "20.10.2018"]
[Round "1.52"]
[White "Mannion, Stephen R"]
[Black "Kosteniuk, Alexandra"]
[Result "1/2-1/2"]
[WhiteTitle "IM"]
[BlackTitle "GM"]
[WhiteElo "2289"]
[BlackElo "2551"]
[WhiteFideId "2400111"]
[BlackFideId "4128125"]
[EventDate "2018.10.20"]

1. e4 e5 2. Nf3 Nc6 3. Bb5 a6 4. Ba4 Nf6 5. O-O Be7 6. Re1 b5 7. Bb3 d6 8. c3
O-O 9. d4 Bg4 10. Be3 exd4 11. cxd4 Na5 12. Bc2 Nc4 13. Bc1 c5 14. b3 Nb6 15.
Nbd2 Rc8 16. h3 Bh5 17. a4 bxa4 18. bxa4 cxd4 19. Bd3 a5 20. Bb2 Nbd7 21. Bxd4
Nc5 22. Bb5 Bg6 23. Bxc5 Rxc5 24. Nd4 Qa8 25. Nf5 Bxf5 26. exf5 Bd8 27. Nc4 d5
28. Ne5 Bb6 29. Bd3 Qa7 30. Qd2 Rfc8 31. Ng4 Nxg4 32. hxg4 Qc7 33. f6 Qd6 34.
fxg7 Bc7 35. g3 Qf6 36. Rac1 Bb6 37. Bf5 Rxc1 38. Rxc1 Rxc1+ 39. Qxc1 Qd4 40.
Qc2 Kxg7 41. g5 Bd8 42. Bxh7 Bxg5 43. Bd3 Be7 44. Kg2 Bc5 45. Qe2 Kf8 46. Bb5
Bb6 47. Bc6 Qc5 48. Qe8+ Kg7 49. Qe5+ f6 50. Qxd5 Qxf2+ 51. Kh3 Kh6 52. Qf3 1/2-1/2

[Event "Isle of Man Open"]
[Site "Douglas"]
[Date "20.10.2018"]
[Round "1.53"]
[White "Debashis, Das"]
[Black "Dushyant, Sharma"]
[Result "1-0"]
[WhiteTitle "GM"]
[BlackTitle "FM"]
[WhiteElo "2548"]
[BlackElo "2289"]
[WhiteFideId "5024854"]
[BlackFideId "25065130"]
[EventDate "2018.10.20"]

1. c4 Nf6 2. Nc3 e6 3. d4 Bb4 4. Nf3 d5 5. cxd5 exd5 6. Bg5 h6 7. Bh4 c6 8. Qc2
O-O 9. e3 Be6 10. Bd3 Nbd7 11. O-O Rc8 12. Ne5 Re8 13. f4 Nb8 14. Kh1 Be7 15.
Rae1 c5 16. Bb5 Bd7 17. Bxf6 Bxf6 18. Nxd7 Nxd7 19. Qf5 Re6 20. Nxd5 Nb6 21.
Nxb6 Rxb6 22. a4 g6 23. Qd3 cxd4 24. e4 a6 25. Bc4 Rb4 26. Rc1 b5 27. axb5 axb5
28. Bb3 Bg7 29. Rce1 Qd7 30. f5 g5 31. f6 Bf8 32. e5 Rxb3 33. Qxb3 Qe6 34. Qxb5
Rc5 35. Qe2 Rd5 36. Qd3 Rxe5 37. Rxe5 Qxe5 38. Qc4 Qd6 39. Rd1 Qxf6 40. Qxd4 Qe6
41. Qd5 Qe2 42. b3 Qg4 43. Rf1 Qh5 44. Qf3 Qg6 45. Qf5 Qg7 46. Qe4 Qc3 47. Qc4
Qg7 48. b4 Qg6 49. b5 Ba3 50. b6 1-0

[Event "Isle of Man Open"]
[Site "Douglas"]
[Date "20.10.2018"]
[Round "1.54"]
[White "Agrest, Inna"]
[Black "Puranik, Abhimanyu"]
[Result "0-1"]
[WhiteTitle "WIM"]
[BlackTitle "GM"]
[WhiteElo "2283"]
[BlackElo "2547"]
[WhiteFideId "1708830"]
[BlackFideId "5061245"]
[EventDate "2018.10.20"]

1. e4 e5 2. Nf3 Nc6 3. Bb5 a6 4. Ba4 g6 5. O-O Bg7 6. c3 d6 7. Re1 Nf6 8. d4 b5
9. Bc2 O-O 10. a4 Bb7 11. Nbd2 exd4 12. Nxd4 Re8 13. Bd3 Ne5 14. Bf1 c5 15. Nc2
Qb6 16. a5 Qc7 17. f3 c4 18. Nd4 Nc6 19. b4 Nxd4 20. cxd4 Nd5 21. Nb1 Nxb4 22.
Be3 Nc6 23. Qd2 d5 24. Nc3 dxe4 25. Nxe4 Ne7 26. Bf4 Qd7 27. Rad1 Bxe4 28. Rxe4
Nd5 29. Be5 f6 30. Bg3 f5 31. Ree1 Rxe1 32. Rxe1 f4 33. Bxf4 Nxf4 34. Qxf4 Qxd4+
35. Qxd4 Bxd4+ 36. Kh1 Bc3 37. Re6 Bxa5 38. g3 Bd2 39. f4 Kf8 40. h4 Rc8 41.
Rf6+ Kg7 42. Rxa6 c3 43. Ra7+ Kg8 44. Bd3 c2 45. Bxc2 Rxc2 46. Rb7 b4 47. h5
gxh5 48. f5 Bc3 49. f6 Rf2 50. Kg1 Rxf6 51. Kg2 Rf7 0-1

[Event "Isle of Man Open"]
[Site "Douglas"]
[Date "20.10.2018"]
[Round "1.55"]
[White "Mekhitarian, Krikor Sevag"]
[Black "Unuk, Laura"]
[Result "1-0"]
[WhiteTitle "GM"]
[BlackTitle "WIM"]
[WhiteElo "2546"]
[BlackElo "2272"]
[WhiteFideId "2107660"]
[BlackFideId "14609215"]
[EventDate "2018.10.20"]

1. d4 Nf6 2. c4 e6 3. Nf3 b6 4. g3 Ba6 5. Nbd2 d5 6. Bg2 c6 7. O-O Be7 8. b3
Nbd7 9. Qc2 Rc8 10. e4 Nxe4 11. Nxe4 dxe4 12. Qxe4 O-O 13. Bf4 Nf6 14. Qe2 Nd5
15. Bd2 Qc7 16. Rfd1 Rfd8 17. Ne5 Bf6 18. Qe4 Bxe5 19. cxd5 Bf6 20. Bf4 cxd5 21.
Bxc7 dxe4 22. Bxd8 Rxd8 23. Bxe4 Bxd4 24. Rac1 f5 25. Bc6 e5 26. Kg2 Rd6 27. b4
b5 28. Bf3 e4 29. Be2 Kf7 30. a4 Ke6 31. Rc7 Be5 32. Rxd6+ Kxd6 33. Rxa7 Bc8 34.
Bxb5 g5 35. Rxh7 f4 36. gxf4 gxf4 37. a5 Bg4 38. a6 Bf3+ 39. Kf1 e3 40. fxe3
fxe3 41. Rh3 1-0

[Event "Isle of Man Open"]
[Site "Douglas"]
[Date "20.10.2018"]
[Round "1.56"]
[White "Pranav, Anand"]
[Black "Kaidanov, Gregory"]
[Result "1/2-1/2"]
[WhiteTitle "FM"]
[BlackTitle "GM"]
[WhiteElo "2269"]
[BlackElo "2544"]
[WhiteFideId "46626786"]
[BlackFideId "2008564"]
[EventDate "2018.10.20"]

1. e4 d6 2. d4 Nf6 3. Nc3 g6 4. f4 Bg7 5. Nf3 O-O 6. e5 dxe5 7. fxe5 Nd5 8. Bc4
Be6 9. Bxd5 Bxd5 10. Nxd5 Qxd5 11. Qe2 c5 12. c4 Qd7 13. d5 e6 14. d6 f6 15.
exf6 Rxf6 16. Bg5 Rf5 17. g4 Rf7 18. O-O-O Nc6 19. Be3 h6 20. Bxc5 Rc8 21. Kb1
e5 22. Nh4 Na5 23. Bb4 Nxc4 24. Nxg6 Qb5 25. Ne7+ Kh8 26. Rhe1 Qxb4 27. Nxc8 e4
28. d7 Rxd7 29. Rxd7 Bxb2 30. Rd8+ Kg7 31. Rd7+ Kh8 32. Rd8+ Kg7 33. Rd7+ 1/2-1/2

[Event "Isle of Man Open"]
[Site "Douglas"]
[Date "20.10.2018"]
[Round "1.57"]
[White "Christiansen, Johan-Sebastian"]
[Black "Wall, Tim P"]
[Result "1-0"]
[WhiteTitle "IM"]
[BlackTitle "FM"]
[WhiteElo "2541"]
[BlackElo "2253"]
[WhiteFideId "1512668"]
[BlackFideId "401641"]
[EventDate "2018.10.20"]

1. e4 c6 2. Nc3 d5 3. d4 dxe4 4. Nxe4 Nf6 5. Nxf6+ exf6 6. c3 Bd6 7. Bd3 O-O 8.
Qc2 Re8+ 9. Ne2 h5 10. O-O Qc7 11. h3 Nd7 12. Bd2 Nf8 13. Rae1 Be6 14. c4 Rad8
15. f4 c5 16. d5 Bc8 17. Qd1 f5 18. Nc3 Rxe1 19. Qxe1 a6 20. Na4 b6 21. b3 Bd7
22. Qh4 b5 23. Nc3 b4 24. Ne2 g6 25. g4 fxg4 26. f5 gxh3 27. Nf4 Be8 28. Kh1 Qe7
29. Qxh3 Be5 30. Nxh5 gxh5 31. Rg1+ Bg7 32. Bh6 Ng6 33. fxg6 fxg6 34. Bxg6 Bxg6
35. Rxg6 Qe4+ 36. Rg2 1-0

[Event "Isle of Man Open"]
[Site "Douglas"]
[Date "20.10.2018"]
[Round "1.58"]
[White "Piasetski, Leon"]
[Black "Lomasov, Semyon"]
[Result "0-1"]
[WhiteTitle "IM"]
[BlackTitle "IM"]
[WhiteElo "2252"]
[BlackElo "2540"]
[WhiteFideId "2600072"]
[BlackFideId "24164879"]
[EventDate "2018.10.20"]

1. Nf3 Nf6 2. c4 e6 3. g3 a6 4. Bg2 b5 5. b3 c5 6. O-O Bb7 7. e3 Be7 8. d4 O-O
9. Bb2 d6 10. d5 exd5 11. Nh4 Ne4 12. cxd5 Bxh4 13. Bxe4 Bf6 14. Nc3 Nd7 15. Qc2
g6 16. Bg2 Nb6 17. Rad1 b4 18. Ne2 a5 19. h4 Ba6 20. h5 c4 21. hxg6 hxg6 22.
Rfe1 Bxb2 23. Qxb2 c3 24. Qc2 Bxe2 25. Rxe2 Nd7 26. Rd4 Kg7 27. Re1 Qb6 28. a3
Rfe8 29. Ra1 Ne5 30. Qa2 a4 31. Rb1 axb3 32. Rxb3 Rxa3 0-1

[Event "Isle of Man Open"]
[Site "Douglas"]
[Date "20.10.2018"]
[Round "1.59"]
[White "Praggnanandhaa, R"]
[Black "Ragnarsson, Dagur"]
[Result "1-0"]
[WhiteTitle "GM"]
[BlackTitle "FM"]
[WhiteElo "2519"]
[BlackElo "2251"]
[WhiteFideId "25059530"]
[BlackFideId "2304058"]
[EventDate "2018.10.20"]

1. Nf3 c5 2. g3 g6 3. Bg2 Bg7 4. O-O Nc6 5. c4 e6 6. Nc3 Nge7 7. d3 d5 8. cxd5
exd5 9. Bf4 O-O 10. Qc1 b6 11. Bh6 d4 12. Ne4 Be6 13. h4 f5 14. Bxg7 Kxg7 15.
Neg5 Bg8 16. h5 h6 17. Nh3 Qd6 18. hxg6 Nxg6 19. Nf4 Nxf4 20. Qxf4 Qxf4 21. gxf4
Rae8 22. Nh4 Nb4 23. Bf3 Kf6 24. a3 Nd5 25. Ng2 Nc7 26. Rfe1 Bd5 27. Bxd5 Nxd5
28. e4 Nc7 29. f3 Ne6 30. Kf2 fxe4 31. dxe4 c4 32. Rh1 Kg7 33. f5 Nc5 34. Nf4
Kh7 35. Rh5 Rf6 36. Rah1 Rc6 37. Ke2 c3 38. b4 Nxe4 39. fxe4 Rxe4+ 40. Kf3 Re3+
41. Kf2 c2 42. Rc1 Rxa3 43. Ne6 Rd3 44. Rxh6+ Kg8 45. Rg6+ 1-0

[Event "Isle of Man Open"]
[Site "Douglas"]
[Date "20.10.2018"]
[Round "1.60"]
[White "Janzelj, Lara"]
[Black "Paehtz, Elisabeth"]
[Result "0-1"]
[WhiteTitle "WFM"]
[BlackTitle "IM"]
[WhiteElo "2244"]
[BlackElo "2513"]
[WhiteFideId "14608391"]
[BlackFideId "4641833"]
[EventDate "2018.10.20"]

1. d4 d5 2. c4 c6 3. Nf3 Nf6 4. e3 g6 5. Nc3 Bg7 6. Be2 O-O 7. O-O b6 8. b3 Bb7
9. Bb2 e6 10. Qc2 Na6 11. Ba3 Re8 12. cxd5 exd5 13. Ne5 Rc8 14. Rac1 Nc7 15. f4
Ne6 16. f5 Nf8 17. Bd3 c5 18. fxg6 fxg6 19. Rf3 cxd4 20. exd4 Ne6 21. Bxg6 hxg6
22. Qxg6 Rc7 23. Rxf6 Qxf6 24. Qxe8+ Kh7 25. Rf1 Nf4 26. g3 Qe6 27. Qxe6 Nxe6
28. Nb5 Rc2 29. Rf7 Ba6 30. Nd6 Ng5 31. Rxa7 Nh3+ 32. Kh1 Bf1 33. Rxg7+ Kh8 34.
Ng6+ Kxg7 35. Nh4 Rf2 36. Ndf5+ Kh7 37. Ne3 Bd3 0-1

[Event "Isle of Man Open"]
[Site "Douglas"]
[Date "20.10.2018"]
[Round "1.61"]
[White "Olafsson, Helgi"]
[Black "Paramzina, Anastasya"]
[Result "1-0"]
[WhiteTitle "GM"]
[BlackTitle "WGM"]
[WhiteElo "2510"]
[BlackElo "2243"]
[WhiteFideId "2300010"]
[BlackFideId "4165012"]
[EventDate "2018.10.20"]

1. d4 Nf6 2. c4 g6 3. Nc3 Bg7 4. e4 d6 5. Be2 O-O 6. Be3 e5 7. d5 Ne8 8. g4 f5
9. gxf5 gxf5 10. exf5 Bxf5 11. Nf3 Na6 12. Rg1 Nb4 13. Rc1 a5 14. a3 Na6 15. Ng5
c6 16. Bd3 Nac7 17. Bxf5 Rxf5 18. Qd3 Qd7 19. Rg3 h6 20. Nf3 Nf6 21. Nh4 Rh5 22.
Ne4 Rf8 23. Ng6 Rf7 24. dxc6 bxc6 25. Nxd6 Ng4 26. Rd1 Rf6 27. Ne4 1-0

[Event "Isle of Man Open"]
[Site "Douglas"]
[Date "20.10.2018"]
[Round "1.62"]
[White "Laustsen, Lars"]
[Black "Dragnev, Valentin"]
[Result "0-1"]
[BlackTitle "GM"]
[WhiteElo "2236"]
[BlackElo "2508"]
[WhiteFideId "1407554"]
[BlackFideId "1634852"]
[EventDate "2018.10.20"]

1. d4 Nf6 2. c4 g6 3. g3 c5 4. dxc5 Na6 5. Bg2 Bg7 6. Nc3 O-O 7. Nf3 Nxc5 8. O-O
d6 9. Nd4 a6 10. b3 Rb8 11. Bb2 Bd7 12. Qd2 Qa5 13. Rfd1 Rfc8 14. Rac1 b5 15.
Nd5 Qxd2 16. Rxd2 Kf8 17. cxb5 Nxd5 18. Bxd5 axb5 19. Rdc2 b4 20. Ba1 g5 21. e3
e6 22. Bg2 e5 23. Nf3 Bf5 24. Rd2 Nxb3 0-1

[Event "Isle of Man Open"]
[Site "Douglas"]
[Date "20.10.2018"]
[Round "1.63"]
[White "Schneider, Ilja"]
[Black "Moksh, Amit Doshi"]
[Result "1-0"]
[WhiteTitle "IM"]
[WhiteElo "2507"]
[BlackElo "2224"]
[WhiteFideId "4663306"]
[BlackFideId "25064967"]
[EventDate "2018.10.20"]

1. Nf3 Nf6 2. e3 d5 3. c4 e6 4. b3 b6 5. Bb2 Bb7 6. Nc3 Nbd7 7. d4 Bd6 8. Bd3
Ne4 9. O-O a6 10. Qc2 f5 11. Ne2 O-O 12. Ne5 Nec5 13. dxc5 Bxe5 14. cxb6 cxb6
15. Nf4 Qf6 16. Bxe5 Nxe5 17. cxd5 exd5 18. Be2 Rfd8 19. Rfd1 Kh8 20. Rac1 Rd7
21. Qc3 Rc8 22. Qd4 Rxc1 23. Rxc1 Qd6 24. Bd3 g6 25. Bxf5 Rc7 26. Rxc7 Qxc7 27.
Nd3 gxf5 28. h3 Kg8 29. Nxe5 b5 30. Qf4 1-0

[Event "Isle of Man Open"]
[Site "Douglas"]
[Date "20.10.2018"]
[Round "1.64"]
[White "Allen, Keith"]
[Black "Kobo, Ori"]
[Result "0-1"]
[BlackTitle "GM"]
[WhiteElo "2216"]
[BlackElo "2505"]
[WhiteFideId "2501147"]
[BlackFideId "2812320"]
[EventDate "2018.10.20"]

1. d4 d6 2. Nf3 Nf6 3. c4 g6 4. g3 Bg7 5. Bg2 Bf5 6. O-O O-O 7. Qb3 Qc8 8. Nh4
Be4 9. f3 Bc6 10. Nc3 e5 11. dxe5 dxe5 12. e4 Bd7 13. Be3 Nc6 14. Rae1 Re8 15.
Nd5 Nd4 16. Nxf6+ Bxf6 17. Bxd4 exd4 18. f4 Rb8 19. Nf3 c5 20. a4 Qc7 21. Qd3 a6
22. b3 b5 23. axb5 axb5 24. Nd2 Qa5 25. Rc1 bxc4 26. Nxc4 Qb4 27. Nd6 Re6 28. e5
Rxd6 29. exd6 Bb5 30. Rc4 Bxc4 31. bxc4 Rd8 32. Bd5 Qb6 33. Rb1 Qxd6 34. Qe4 Kg7
35. h4 Rd7 36. Rb7 Rxb7 37. Bxb7 Qd7 38. Bd5 Qh3 39. Qg2 Qf5 40. Qe4 Qh3 41. Kf2
d3 42. Qxd3 Bd4+ 43. Ke1 Qh2 44. Qf3 Qg1+ 45. Ke2 Qc1 46. g4 Bc3 47. Qf1 Qd2+
48. Kf3 Bd4 49. Qe2 Qc1 50. Kg3 h6 51. g5 h5 52. Qf3 Qd2 53. Kh3 Bg1 54. Qg3 Bf2
55. Qf3 Bg1 56. Qg3 Qd4 57. Qf3 Bf2 58. Qe4 Qc3+ 59. Qf3 Be3 60. Kg2 Qd2+ 61.
Kg3 Bg1 62. Qg2 Qe1+ 63. Kh3 Bf2 64. Qe4 Qf1+ 65. Qg2 Qd3+ 66. Qf3 Qf5+ 67. Kg2
Bxh4 68. Be4 Qd7 69. Bd5 Qf5 70. Be4 Qe6 71. Bd5 Qe1 72. f5 Qd2+ 73. Kh3 Bxg5
74. fxg6 Bf4 75. Qg2 fxg6 76. Kh4 0-1

[Event "Isle of Man Open"]
[Site "Douglas"]
[Date "20.10.2018"]
[Round "1.65"]
[White "Shyam, Sundar M."]
[Black "Lorscheid, Gerhard"]
[Result "1-0"]
[WhiteTitle "GM"]
[BlackTitle "FM"]
[WhiteElo "2505"]
[BlackElo "2205"]
[WhiteFideId "5019141"]
[BlackFideId "4606000"]
[EventDate "2018.10.20"]

1. e4 d6 2. d4 Nf6 3. Nc3 e5 4. Nf3 Nbd7 5. Bc4 Be7 6. a4 O-O 7. O-O c6 8. Ba2
exd4 9. Nxd4 Nc5 10. Re1 a5 11. Bf4 Qb6 12. Qd2 Na6 13. h3 Nb4 14. Bb3 Rd8 15.
Rad1 Bd7 16. Qe3 d5 17. Nf5 Bc5 18. Nh6+ Kh8 19. Qg3 Rf8 20. Bg5 Be7 21. exd5 1-0

[Event "Isle of Man Open"]
[Site "Douglas"]
[Date "20.10.2018"]
[Round "1.66"]
[White "Grant, Jonathan I M"]
[Black "Vishnu Prasanna, V"]
[Result "0-1"]
[BlackTitle "GM"]
[WhiteElo "2203"]
[BlackElo "2504"]
[WhiteFideId "2400294"]
[BlackFideId "5030692"]
[EventDate "2018.10.20"]

1. c4 f5 2. Nf3 Nf6 3. g3 d6 4. d4 g6 5. Bg2 Bg7 6. Nc3 O-O 7. O-O Nc6 8. d5 Na5
9. Nd2 c5 10. Qc2 a6 11. b3 Rb8 12. Bb2 b5 13. Rab1 g5 14. e4 f4 15. e5 dxe5 16.
Nce4 Nxe4 17. Bxe4 Rb6 18. Nf3 Rh6 19. Nxe5 Qe8 20. Nf3 Qh5 21. Bxg7 Kxg7 22. h4
gxh4 23. Nxh4 Qg4 24. Bf3 Qg5 25. Ng2 fxg3 26. Qc3+ Rff6 27. fxg3 Qxg3 28. Rbe1
Qh2+ 29. Kf2 Rg6 30. Ke2 b4 31. Qe3 e5 32. Kd1 Nb7 33. Qxe5 Qxe5 34. Rxe5 Nd6
35. Ne1 Nf5 36. Rh1 Ng3 37. Bh5 0-1

[Event "Isle of Man Open"]
[Site "Douglas"]
[Date "20.10.2018"]
[Round "1.67"]
[White "Anurag, Mhamal"]
[Black "Stanetzek, Carsten"]
[Result "1-0"]
[WhiteTitle "GM"]
[WhiteElo "2495"]
[BlackElo "2192"]
[WhiteFideId "5024366"]
[BlackFideId "4616634"]
[EventDate "2018.10.20"]

1. e4 e5 2. Nf3 Nc6 3. Bc4 Bc5 4. O-O Nf6 5. d3 O-O 6. a4 a6 7. c3 d6 8. b4 Ba7
9. Bg5 h6 10. Bh4 Be6 11. Nbd2 g5 12. Bg3 Qe8 13. Re1 Rd8 14. a5 Kg7 15. Nf1 Ne7
16. Qb3 Ng6 17. d4 Bxc4 18. Qxc4 c6 19. Ne3 Nxe4 20. Nf5+ Kh7 21. Rxe4 g4 22.
Ng5+ hxg5 23. Qe2 Nf4 24. Rxf4 f6 25. Rxg4 Qg6 26. Ne7 Qf7 27. Bxe5 fxe5 28.
Rxg5 Qf6 29. Qe4+ Kh6 30. Rg6+ 1-0

[Event "Isle of Man Open"]
[Site "Douglas"]
[Date "20.10.2018"]
[Round "1.68"]
[White "House, Glenn L"]
[Black "Swapnil, S. Dhopade"]
[Result "1-0"]
[WhiteTitle "FM"]
[BlackTitle "GM"]
[WhiteElo "2180"]
[BlackElo "2493"]
[WhiteFideId "406228"]
[BlackFideId "5019184"]
[EventDate "2018.10.20"]

1. Nf3 d5 2. g3 Bg4 3. Bg2 Nd7 4. d3 Ngf6 5. Nbd2 c6 6. h3 Bh5 7. O-O e5 8. e4
Bd6 9. exd5 cxd5 10. c4 O-O 11. cxd5 Nxd5 12. Qb3 N5f6 13. Nc4 Nc5 14. Qa3 Be7
15. Ncxe5 Bxf3 16. Bxf3 Ncd7 17. Qc3 Rc8 18. Qe1 Bb4 19. Qxb4 Nxe5 20. Bg2 Nxd3
21. Qxb7 Rc7 22. Qb3 Rd7 23. Be3 Qc7 24. Rad1 Rfd8 25. Rd2 h6 26. Rfd1 Nc5 27.
Rxd7 Rxd7 28. Rxd7 Ncxd7 29. Qb7 Qc2 30. Qxa7 Qxb2 31. a4 Ne5 32. a5 h5 33. Qd4
Qb1+ 34. Kh2 Neg4+ 35. hxg4 Nxg4+ 36. Kh3 Qg1 37. Qd8+ Kh7 38. Be4+ g6 39. Bxg6+
Kg7 40. Bxh5 Nxf2+ 41. Bxf2 Qh1+ 42. Kg4 Qe4+ 43. Kg5 Qe5+ 44. Kh4 Qe4+ 45. g4
Qh1+ 46. Kg3 1-0

[Event "Isle of Man Open"]
[Site "Douglas"]
[Date "20.10.2018"]
[Round "1.69"]
[White "Khmelniker, Ilya"]
[Black "Bopp, Thomas"]
[Result "1-0"]
[WhiteTitle "GM"]
[WhiteElo "2492"]
[BlackElo "2160"]
[WhiteFideId "2805340"]
[BlackFideId "4656113"]
[EventDate "2018.10.20"]

1. c4 e6 2. Nf3 Nf6 3. g3 d5 4. b3 Be7 5. Bg2 O-O 6. O-O c5 7. Bb2 Nc6 8. e3
dxc4 9. bxc4 Qd3 10. Qb3 Rd8 11. Qxd3 Rxd3 12. Rc1 Rd8 13. Ne5 Nxe5 14. Bxe5 Ng4
15. Bc3 Bf6 16. h3 Ne5 17. Na3 Nd3 18. Bxf6 gxf6 19. Rcb1 Nb4 20. d4 a5 21. dxc5
Rb8 22. Nb5 Bd7 23. a3 Na6 24. Nd6 Bc6 25. Bxc6 bxc6 26. Nb7 Rd3 27. Rb6 a4 28.
Na5 Ra8 29. Rxc6 Kg7 30. Nb7 Ra7 31. Rb6 Rc3 32. Nd6 Nxc5 33. Nb5 1-0

[Event "Isle of Man Open"]
[Site "Douglas"]
[Date "20.10.2018"]
[Round "1.70"]
[White "Leutwyler, Martin"]
[Black "Harsha, Bharathakoti"]
[Result "0-1"]
[BlackTitle "IM"]
[WhiteElo "2142"]
[BlackElo "2492"]
[WhiteFideId "1301969"]
[BlackFideId "5078776"]
[EventDate "2018.10.20"]

1. Nf3 d5 2. d4 e6 3. g3 Nf6 4. Bg2 b5 5. O-O Nbd7 6. Bg5 Bb7 7. Nbd2 c5 8. c3
a5 9. a4 b4 10. Re1 Be7 11. c4 O-O 12. cxd5 exd5 13. dxc5 Bxc5 14. e3 h6 15.
Bxf6 Nxf6 16. Nd4 Qd7 17. Qf3 Ne4 18. Red1 Bxd4 19. exd4 Bc6 20. b3 Nc3 21. Re1
Rfe8 22. Qd3 Bb7 23. Nf3 Ba6 24. Qd2 Qf5 25. Re5 Rxe5 26. Nxe5 Ne2+ 27. Kh1 Qxf2
28. Nf3 Re8 29. Rf1 Qe3 30. Qxe3 Rxe3 31. Ne5 Nxd4 0-1

[Event "Isle of Man Open"]
[Site "Douglas"]
[Date "20.10.2018"]
[Round "1.71"]
[White "Zumsande, Martin"]
[Black "Byron, Alan M"]
[Result "1-0"]
[WhiteTitle "IM"]
[WhiteElo "2492"]
[BlackElo "2136"]
[WhiteFideId "4651324"]
[BlackFideId "401773"]
[EventDate "2018.10.20"]

1. e4 c5 2. c3 d6 3. d4 Nf6 4. Bd3 cxd4 5. cxd4 g6 6. h3 Bg7 7. Nf3 O-O 8. Nc3
Nc6 9. O-O e5 10. dxe5 dxe5 11. Bc4 Be6 12. Bxe6 fxe6 13. Be3 Qe7 14. Qb3 Nh5
15. Ne2 Nf4 16. Nxf4 exf4 17. Bd2 Rad8 18. Rad1 Rd7 19. Bc3 Rfd8 20. Rxd7 Rxd7
21. Rc1 h6 22. Qc4 Kh7 23. a3 Bxc3 24. Rxc3 Qd6 25. Kh2 g5 26. b4 e5 27. Qc5 a6
28. b5 axb5 29. Qxb5 Rg7 30. Qd5 Rd7 31. Qb5 Rg7 32. Rd3 Qe7 33. Qd5 g4 34. hxg4
Rxg4 35. Qd7 Qxd7 36. Rxd7+ Rg7 37. Rd5 Re7 38. Kh3 Kg8 39. Nh4 Kh7 40. Nf5 Rc7
41. Rd6 Na5 42. Rxh6+ Kg8 43. Re6 Rc3+ 44. f3 Nc6 45. Re8+ Kf7 46. Ra8 Ke6 47.
Kg4 Rc2 48. g3 fxg3 49. Kxg3 Rc3 50. Rh8 Na5 51. Rh6+ Kd7 52. Rd6+ Kc7 53. Rd5
Nc6 54. Nd6 Nd4 55. Nb5+ Nxb5 56. Rxb5 Rxa3 57. Rxe5 Kc6 58. Re8 b5 59. Rb8 Kc5
60. Kg4 b4 61. e5 Kc4 62. f4 Re3 63. Kf5 b3 64. e6 Kd5 65. Rd8+ Kc4 66. Kf6 b2
67. Rd1 Rb3 68. e7 Rb8 69. Kf7 1-0

[Event "Isle of Man Open"]
[Site "Douglas"]
[Date "20.10.2018"]
[Round "1.72"]
[White "Burrows, Martin P"]
[Black "Keymer, Vincent"]
[Result "0-1"]
[BlackTitle "IM"]
[WhiteElo "2121"]
[BlackElo "2491"]
[WhiteFideId "409057"]
[BlackFideId "12940690"]
[EventDate "2018.10.20"]

1. e4 c5 2. Nf3 d6 3. d4 cxd4 4. Nxd4 Nf6 5. Nc3 a6 6. h3 e6 7. g4 Nfd7 8. Be3
b5 9. a3 Bb7 10. Qd2 Be7 11. g5 Nc6 12. h4 O-O 13. Rg1 Rc8 14. Nxc6 Rxc6 15. h5
Ne5 16. Rg3 Nc4 17. Bxc4 Rxc4 18. f3 Qc7 19. Bd4 Rc8 20. Rg2 b4 21. axb4 d5 22.
e5 Bxb4 23. g6 fxg6 24. hxg6 h6 25. f4 Qe7 26. Rg4 Qf8 27. Rg3 a5 28. Kf1 Qf6
29. Kg2 Rxd4 30. Qxd4 Bc5 31. Qd1 d4+ 32. Kh2 dxc3 33. bxc3 Qxf4 34. Kh3 Bf2 35.
Rg4 Rxc3+ 0-1

[Event "Isle of Man Open"]
[Site "Douglas"]
[Date "20.10.2018"]
[Round "1.73"]
[White "Henderson de La Fuente, Lance"]
[Black "Vidic, Teja"]
[Result "1-0"]
[WhiteTitle "IM"]
[BlackTitle "WFM"]
[WhiteElo "2484"]
[BlackElo "2116"]
[WhiteFideId "32096585"]
[BlackFideId "14605511"]
[EventDate "2018.10.20"]

1. e4 c5 2. Nf3 d6 3. d4 cxd4 4. Nxd4 Nf6 5. Nc3 Nc6 6. Bg5 e6 7. Qd2 Qb6 8. Nb3
Be7 9. f3 O-O 10. O-O-O a6 11. g4 Qc7 12. Be3 b5 13. g5 Nd7 14. f4 b4 15. Na4
Bb7 16. Bd3 Rfc8 17. Kb1 Rab8 18. Qf2 Bf8 19. Nb6 Rd8 20. Nxd7 Rxd7 21. h4 Ba8
22. h5 Na5 23. Nxa5 Qxa5 24. g6 d5 25. Be2 d4 26. gxf7+ Kxf7 27. f5 Kg8 28. Bf4
e5 29. Bc4+ Kh8 30. Bg3 Qc5 31. Bb3 d3 32. Qxc5 Bxc5 33. cxd3 Bd4 34. Be6 Rc7
35. Rc1 Rxc1+ 36. Rxc1 a5 37. Rc7 Bb6 38. Rf7 Bd4 39. h6 g5 40. fxg6 hxg6 41.
Bh4 Rb6 42. Bf6+ Kg8 43. h7# 1-0